Kader Deutschland beim FIFA Confederations Cup 2017 - Statistiken

Allgemein
  • Dieses Quiz wurde 107 mal gespielt
  • Das Durchschnittsergebnis liegt bei 15 aus 22
Antwortstatistiken
Position Nr. Verein Antwort % Korrekt
Tor 22 FC Barcelona Marc-André ter Stegen
100%
Tor 1 Paris Saint-Germain Kevin Trapp
96%
Mittelfeld 7 Paris Saint-Germain Julian Draxler
94%
Sturm 11 RB Leipzig Timo Werner
93%
Tor 12 Bayer 04 Leverkusen Bernd Leno
92%
Abwehr 3 1. FC Köln Jonas Hector
85%
Abwehr 2 Arsenal FC Shkodran Mustafi
82%
Trainer Joachim Löw
81%
Abwehr 18 FC Bayern München Joshua Kimmich
81%
Abwehr 16 AS Rom Antonio Rüdiger
78%
Abwehr 5 Hertha BSC Marvin Plattenhardt
71%
Abwehr 17 TSG 1899 Hoffenheim Niklas Süle
71%
Mittelfeld 14 Liverpool FC Emre Can
69%
Mittelfeld 8 FC Schalke 04 Leon Goretzka
69%
Mittelfeld 13 VfL Borussia Mönchengladbach Lars Stindl
61%
Sturm 9 TSG 1899 Hoffenheim Sandro Wagner
59%
Mittelfeld 20 Bayer 04 Leverkusen Julian Brandt
53%
Mittelfeld 21 TSG 1899 Hoffenheim Sebastian Rudy
53%
Mittelfeld 10 TSG 1899 Hoffenheim Kerem Demirbay
48%
Mittelfeld 15 Ajax Amsterdam Amin Younes
46%
Abwehr 4 Borussia Dortmund Matthias Ginter
42%
Abwehr 6 Bayer 04 Leverkusen Benjamin Henrichs
24%
Keine übereinstimmenden Quizze gefunden
Verteilung der Resultate
Anzahl Personen mit jedem Resultat
Perzentil nach korrekt beantworteten Fragen
Ihre Resultats-Entwicklung
Sie haben dieses Quiz noch nicht gespielt